| Tag |
First Indicator |
Second Indicator |
Subfields |
| LEADER |
00000cam a2200000 i 4500 |
| 001 |
in00005779733 |
| 005 |
20260426011140.3 |
| 006 |
m o d |
| 007 |
cr cnu|||||||| |
| 008 |
260228s2026 si a ob 000 0 eng d |
| 040 |
|
|
|a EBLCP
|b eng
|e rda
|e pn
|c EBLCP
|d SFB
|d GW5XE
|d OCLCO
|
| 019 |
|
|
|a 1574818392
|
| 020 |
|
|
|a 9789819530861 (electronic bk.)
|
| 020 |
|
|
|a 9819530865
|q (electronic bk.)
|
| 020 |
|
|
|z 9789819530854
|
| 020 |
|
|
|z 9819530857
|
| 024 |
7 |
|
|a 10.1007/978-981-95-3086-1
|2 doi
|
| 035 |
|
|
|a (OCoLC)1573145668
|z (OCoLC)1574818392
|
| 050 |
|
4 |
|a PL1892
|b .S85 2026
|
| 082 |
0 |
4 |
|a 495.15
|2 23/eng/20260311
|
| 100 |
1 |
|
|a Sun, Yenan,
|e author.
|
| 245 |
1 |
0 |
|a Equation constructions in Mandarin Chinese /
|c Yenan Sun.
|
| 264 |
|
1 |
|a Singapore :
|b Springer,
|c [2026]
|
| 264 |
|
4 |
|c ©2026
|
| 300 |
|
|
|a 1 online resource (xi, 151 pages) :
|b illustrations.
|
| 336 |
|
|
|a text
|b txt
|2 rdacontent
|
| 337 |
|
|
|a computer
|b c
|2 rdamedia
|
| 338 |
|
|
|a online resource
|b cr
|2 rdacarrier
|
| 341 |
0 |
|
|b PDF/UA-1
|2 onix
|
| 341 |
0 |
|
|b No reading system accessibility options actively disabled
|2 onix
|
| 341 |
0 |
|
|b Table of contents navigation
|2 onix
|
| 341 |
0 |
|
|b Single logical reading order
|2 onix
|
| 341 |
0 |
|
|b Short alternative textual descriptions
|2 onix
|
| 341 |
0 |
|
|b Use of color is not sole means of conveying information
|2 onix
|
| 341 |
0 |
|
|b Use of high contrast between text and background color
|2 onix
|
| 341 |
0 |
|
|b Next / Previous structural navigation
|2 onix
|
| 341 |
0 |
|
|b All non-decorative content supports reading without sight
|2 onix
|
| 490 |
1 |
|
|a Studies in East Asian linguistics
|
| 500 |
|
|
|a Description based upon print version of record.
|
| 504 |
|
|
|a Includes bibliographical references.
|
| 520 |
|
|
|a This book delves deep into how the concepts of identity and similarity, which are fundamental to human beings, are expressed in the grammar of Mandarin Chinese.Here, we investigate a variety of constructions in Mandarin that can convey equivalence between entities, kinds, degrees and manners, which are generally referred to as ""equation...
|
| 532 |
8 |
|
|a Publisher contact for further accessibility information: accessibilitysupport@springernature.com
|
| 505 |
0 |
|
|a Introduction -- The empirical landscape of Mandarin equation constructions -- etc.
|
| 650 |
|
0 |
|a Mandarin dialects
|x Grammar.
|
| 650 |
|
0 |
|a Equivalence (Linguistics)
|
| 650 |
|
6 |
|a Équivalence (Linguistique)
|0 (CaQQLa)201-0208423
|
| 655 |
|
0 |
|a Electronic books.
|
| 776 |
0 |
8 |
|i Print version:
|a Sun, Yenan
|t Equation Constructions in Mandarin Chinese
|d Singapore : Springer,c2025
|z 9789819530854
|
| 776 |
0 |
8 |
|z 9819530857
|
| 830 |
|
0 |
|a Studies in East Asian linguistics.
|
| 852 |
8 |
|
|b POD
|z This title is available for the library to purchase for your use. Click the "Purchase It For Me" button to place a request. This item will take 5-10 business days to arrive.
|
| 955 |
|
|
|a Ebook POD title
|
| 961 |
|
|
|m 565731
|
| 999 |
f |
f |
|i 4d9c1d45-a8b5-41de-a424-b537cdac64a0
|s e66c9084-f69e-4ac4-a14e-89f97535a121
|t 0
|
| 952 |
f |
f |
|a Texas A&M University
|b College Station
|c Sterling C. Evans Library
|s Evans POD
|d Purchase on Demand
|t 0
|e PL1892 .S85 2026
|h Library of Congress classification
|
| 998 |
f |
f |
|a PL1892 .S85 2026
|t 0
|l Purchase on Demand
|